|
|
|
|
| LEADER |
00874cam a22002051 4500 |
| 001 |
4057775 |
| 003 |
GR-PaULI |
| 005 |
20240722102210.0 |
| 008 |
720107s1960 enkf b 001 0 eng |
| 040 |
|
|
|a DLC
|c DLC
|d DLC
|b gre
|e AACR2
|
| 082 |
0 |
4 |
|a 709.04
|2 23
|
| 100 |
1 |
|
|a Read, Herbert,
|d 1893-1968
|9 8176
|e συγγραφέας.
|
| 245 |
1 |
0 |
|a Art now /
|b an introduction to the theory of modern painting and sculpture /
|c by Herbert Read.
|
| 260 |
|
|
|a London :
|b Faber and Faber,
|c [1960].
|
| 300 |
|
|
|a 128, [64] σ. :
|b εικ. ;
|c 20 εκ.
|
| 500 |
|
|
|a Περιλαμβάνει ευρετήριο.
|
| 650 |
|
4 |
|a Τέχνη, Μοντέρνα
|y 20ός αιώνας.
|9 87849
|
| 942 |
|
|
|2 ddc
|c BK
|
| 952 |
|
|
|0 0
|1 0
|2 ddc
|4 0
|6 709_040000000000000_REA
|7 0
|9 382220
|a LISP
|b LISP
|c DON
|d 2024-07-22
|e ΜΑΡ
|i 367320
|l 0
|o 709.04 REA
|p 025000313106
|r 2024-07-22 00:00:00
|t 1
|w 2024-07-22
|y BKN
|
| 999 |
|
|
|c 222061
|d 222061
|